|
|
|
|
| LEADER |
00000naa2a2200000 4500 |
| 001 |
250890 |
| 005 |
20240215081950.0 |
| 035 |
|
|
|a (RuTPU)RU\TPU\book\273126
|
| 035 |
|
|
|a RU\TPU\book\273124
|
| 090 |
|
|
|a 250890
|
| 100 |
|
|
|a 20140217d1989 k y0rusy50 ca
|
| 101 |
0 |
|
|a rus
|
| 102 |
|
|
|a RU
|
| 200 |
1 |
|
|a Анализ вод электрохимическими методами (1986-1988 гг.)
|f Л. Д. Свинцова, Н. П. Пикула
|
| 463 |
|
0 |
|0 (RuTPU)RU\TPU\book\270153
|t Электрохимические методы анализа
|o тезисы III Всесоюзной конференции по электрохимическим методам анализа
|v С. 175-176
|d 1989
|p 482 с.
|
| 610 |
1 |
|
|a воды
|
| 610 |
1 |
|
|a электрохимические методы
|
| 610 |
1 |
|
|a труды учёных ТПУ
|
| 700 |
|
1 |
|a Свинцова
|b Л. Д.
|c химик
|c доцент Томского политехнического университета, кандидат химических наук
|f 1954-
|g Людмила Дмитриевна
|3 (RuTPU)RU\TPU\pers\26878
|9 12495
|
| 701 |
|
1 |
|a Пикула
|b Н. П.
|c химик
|c доцент Томского политехнического университета, кандидат химических наук
|f 1949-
|g Нина Павловна
|3 (RuTPU)RU\TPU\pers\25622
|9 11551
|
| 801 |
|
1 |
|a RU
|b 63413507
|c 20050721
|g PSBO
|
| 801 |
|
2 |
|a RU
|b 63413507
|c 20140217
|g PSBO
|
| 942 |
|
|
|c BK
|